| 000 | 00955cab a2200241 4500 | ||
|---|---|---|---|
| 001 | WB2832-12 | ||
| 008 | 090401t1992 xxu||||| |||| 00| 0 eng d | ||
| 035 | _a(Sirsi) u69036 | ||
| 041 | _aeng | ||
| 245 | _aNo provision for property falls | ||
| 260 | _c1992 | ||
| 350 | _a0 | ||
| 490 |
_aChartered Surveyor Weekly _v40(7) 13 August 1992, 8(1) |
||
| 520 | _aCounty NatWest, reporting on the property portfolios of non-property firms, warns that the expansion of the 1980s was not matched by provision for the present and continuing fall in asset values, and that many companies have not recognised the valuation of property at the bottom of the economic cycle. | ||
| 650 | _aASSET VALUES | ||
| 650 | _aFALLING VALUES | ||
| 650 | _aINSTITUTIONAL INVESTMENT | ||
| 650 | _aPROPERTY ASSETS | ||
| 650 | _aPROPERTY VALUES | ||
| 690 | _aPROPERTY-COMMERCIAL PROPERTY-COMMERCIAL PROPERTY FINANCE AND INVESTMENT | ||
| 942 | _n0 | ||
| 948 | _c04/03/1997 | ||
| 999 |
_c43363 _d43363 |
||